Sudden Death: Jacob's Sons - Statistics

General Stats
  • This quiz has been taken 48 times
  • The average score is 10 of 12
Answers on the Grid
Answers color-coded by a green-red scale on the quiz's grid according to % correct below.
Reuben
Hezekiah
Simeon
Levi
Napthali
Isaacher
Asher
Dan
Zebulun
Gad
Benjamin
Judah
Ramses
Doug
Balthazar
Dingus
Joseph
Potiphar
Bunnicula
Orpheus
Charlemagne
Gaston
Valjean
Pseudolus
Agwe
Launchpad McQuack
Javert
Gavroche
 
Answer Stats
Answer % Correct
Joseph
100%
Judah
100%
Benjamin
94%
Levi
94%
Dan
88%
Reuben
88%
Simeon
88%
Asher
81%
Zebulun
81%
Isaacher
75%
Gad
63%
Napthali
63%
No matching quizzes found
Score Distribution
Percent of People with Each Score
Percentile by Number Answered
Your Score History
You have not taken this quiz